Teatres particulars a Barcelona en el segle XVIIIè / Francesc Curet
Descripción Física:
35 p. ; 17 cm
Materias:
Teatres -- Barcelona -- S. XVIII
MARC
| LEADER | 00000nam a2200000Ia 4500 | ||
|---|---|---|---|
| 001 | 8357 | ||
| 003 | BGR | ||
| 005 | 20260324175258.0 | ||
| 008 | 160829s1935 xx 000 0 cat d | ||
| 080 | |a B-1-246 | ||
| 100 | |a Curet, Francesc |9 24644 | ||
| 245 | |a Teatres particulars a Barcelona en el segle XVIIIè / Francesc Curet | ||
| 260 | |a Barcelona : |b Generalitat de Catalunya. Institució del Teatre, |c 1935 | ||
| 300 | |a 35 p. ; |c 17 cm | ||
| 490 | |a Publicacions de la Institució del Teatre ; 12 | ||
| 650 | |a Teatres |x Barcelona |x S. XVIII |9 24645 | ||
| 710 | 1 | |a Institut del Teatre (Barcelona, Catalunya) |9 52662 | |
| 901 | |a Arxiu | ||
| 942 | |n 1 |2 udc |c MON | ||
| 952 | |0 0 |1 0 |4 0 |6 B1246 |7 1 |9 43244 |a Arxiu |b Arxiu |d 2016-12-01 |l 0 |o B-1-246 |p 8357 |r 2016-12-01 00:00:00 |w 2016-12-01 |y ARXIU | ||
| 999 | |c 45788 |d 45788 | ||